000 00452cam a2200145 4500500
005 20260322014201.0
041 _afre
042 _adc
100 1 0 _aMoncorgé, Richard
_eauthor
245 0 0 _aSolid-state lasers for the UV-visible range
260 _c2026.
500 _a93
786 0 _nOptics and photonics | - | 2026-03-05 | p. 7-7
856 4 1 _uhttps://stm.cairn.info/laser-sources--bdti42452210-e6485-page-7?lang=en&redirect-ssocas=7080
999 _c1787042
_d1787042